000 005950000a22002050004500
090 _aAR
_b00198
245 1 0 _aNeue eidechsen aus südwest-Afrika
650 1 4 _aFauna
_992594
650 1 4 _aReptiles
_992767
650 1 4 _aHerpetología
_98027
650 1 4 _aNuevas especies
_992905
653 _gEremias
_eEremias undata
653 _gPachydactylus
_ePachydactylus punctata
653 _gMabuya
_eMabuya hoeschi
653 _gMabuya
_eMabuya striata
041 0 _aAlemán
100 1 _aMertens, Robert
_993053
942 _cARTICULO
773 1 _tSenckenbergiana Biologica
_32
_h4-6
_q175-182
_d1954
_g34
999 _c9298
_d9298